000 00581nam a2200145 i 4500
001 40440
003 ES-MaACL
005 20230906160224.0
007 t|
008 030306s1911 sp ||||1| spa d
100 1 _aCárdenas y Moya, Enrique de.
_935154
245 1 0 _aEvolución de la escuela socialista
_b: su incorporación a los partidos políticos : las huelgas en sus aspectos político, jurídico y económico : intervención del poder público /
_cEnrique de Cárdenas y Moya.
260 _aMadrid :
_b[s.n.,
_c1911] (
_fImp. de Antonio Marzo)
852 _aES-MaACL
_jF-1257-F-1
999 _c40440
_d40440